000 00756nam a2200241 a 4500
001 BRCA_8361
005 20190320210241.0
008 290714s1928----mx-#e##f##---#000-0#spa-#
041 _aspa
044 _amx
050 4 _aF1435.1
_b.M3 1928
100 1 _aMariscal, Federico E.
_920942
245 1 0 _aEstudio arquitectónico de las Ruinas Mayas
_bYucatán y Campeche
_cpor Federico E. Mariscal.
260 _aMéxico
_bSEP
_c1928
300 _a109 p.
_bil., planos
_c30 cm.
500 _aR98
650 1 4 _aArquitectura maya
_vEstudio
_920943
650 1 4 _aArquitectura prehispánica
_zMéxico
_920944
651 4 _aYucatán
_xArquitectura
_y1000-180 a.C.
_920945
651 4 _aCampeche
_xArquitectura
_y1000-180 a.C.
_920946
902 _aGFM
942 _2lcc
_cB
999 _c8029
_d8029